| 000 | 00578nam a2200205Ia 4500 | ||
|---|---|---|---|
| 003 | OSt | ||
| 005 | 20230517113806.0 | ||
| 008 | 210423s2012 xx 000 0 und d | ||
| 020 | _a9781876222532 | ||
| 040 | _cAL | ||
| 041 | _aeng | ||
| 082 |
_a664.07 JHAS _223 |
||
| 100 |
_aJHA (S N);YOGESh (K). _9105660 |
||
| 245 | _aSafety and working procedures in food analysis laboratory. | ||
| 260 |
_aNew York _bBiotech Books _c2012 |
||
| 300 |
_axii,296 _bPB |
||
| 365 |
_b900 _cINR |
||
| 906 | _aanalysis ; food ; laboratory. ; procedures ; Safety ; working | ||
| 942 |
_2ddc _cBK |
||
| 999 |
_c164866 _d164866 |
||